Una introducción a la economía política /
Zapisane w:
| 1. autor: | |
|---|---|
| Kolejni autorzy: | |
| Format: | Texto |
| Wydane: |
México D.F.:
Serie Popular Era
|
| Etykiety: |
Dodaj etykietę
Nie ma etykietki, Dołącz pierwszą etykiete!
|
MARC
| LEADER | 00000 a a2200000 04500 | ||
|---|---|---|---|
| 001 | 24670 | ||
| 003 | |||
| 040 | |||
| 090 | |a 173000 | ||
| 100 | |a Salama, Pierre | ||
| 245 | |a Una introducción a la economía política / |c Pierre Salama | ||
| 260 | |a México D.F.: |b Serie Popular Era | ||
| 300 | |a 246 p. |b **no definido** | ||
| 700 | |a Valier, Jacques | ||
| 999 | |c 16808 |d 16808 | ||
